000 00658cam a22002172 4500
001 0000020282
005 20151217154439.0
008 110908s xx 000 0 eng d
020 _a0072994957
040 _aKABU
_cKABU
100 1 _aTalaro, Kathleen Park.
_@0000180414
245 1 0 _aFoundations in microbiology :
_bbasic principles /
_cKathleen Park Talaro.
250 _a6th ed.
260 _aBoston :
_bMcGraw Hill,
_c2008.
300 _axxv, 534 p.
650 0 _aMicrobiology.
_@0000155702
650 0 _aMedical microbiology.
_@0000155703
852 1 _9p1000 KES
908 _a110908
950 _@1
999 _c11338
_d11338